000 00551nam a2200181Ia 4500
003 IEPS
005 20250703135331.0
008 250223s9999||||xx |||||||||||||| ||und||
020 _a9789776926530
040 _CIEPS
041 _aara
082 _a371.102
100 _aالشواف، عادل حسني السيد
245 0 _aاعداد و تأهيل معلم التربية الرياضية
260 _aالاسكندرية
_bمؤسسة عالم الرياضة للنشر
_c2022
300 _a188 ص.
_bصور
_c24 سم.
942 _cكتاب
999 _c13941
_d13941